000 004530000a22001810004500
003 MACL
005 20150705154432.0
008 150705b xxu||||| |||| 00| 0 eng d
040 _aMACL
_cMACL
041 _aEnglish
082 _a820/GWY
100 _aGwynn,Stephen
_9926
245 _aThe Masters of English Literature
260 _aPanchkula
_bBetter Books
_c2009
350 _a695
650 _aEnglish Literature
_9927
942 _cBK
_k820/GWY
_2ddc
999 _c46821
_d46821